Responses for show #5418 - Wednesday, March 12, 2008

Contestants

Hillary Wootton, a salesperson from Seattle, Washington

Will McLaughlin, an actor and teacher from Los Angeles, California

Jason Kaczor, an insurance specialist from Syracuse, New York (whose 1-day cash winnings total $7,999)

Jeopardy! Round responses

OPENING LINES OF SHAKESPEARE
WE'RE NO. 1!
MEDALS & DECORATIONS
THE WALTZ
OFFICIAL STATE DINOSAURS & FOSSILS
SCRAMBLED FRUITS
    $200 5
Romeo and Juliet

Hillary
    $200 10
Paula Abdul

Jason
    $200 21
Japan

Hillary
    $200 16
3

Hillary
    $200 1
South Dakota

Hillary
    $200 26
lime

Jason
    $400 6
Othello

Will
    $400 11
Ricky Martin

Jason
    $400 22
Solomon

Will
    $400 17
Viennese

Hillary
    $400 2
a duck bill

Jason
    $400 27
orange

Will
    $600 7
Richard III

Hillary
    $600 12
(Will: Ashamed I know that.)

Hanson

Will
    $600 23
De Gaulle

Hillary
    $600 18
Hansel and Gretel

Hillary
    $600 3
(Jason: What is Connecticut?)

New Jersey

Jason
Triple Stumper
    $600 28
strawberry

Jason
    $800 8
Hamlet

Jason
    $800 13
Men At Work

Jason
    $800 24
Jonas Salk

Jason
    $800 19
(Johann) Strauss

Hillary
    $800 4
a star

Will
    $800 29
pineapple

Will
    $1,000 15
The Tempest

Hillary
    $1000 14
"Seasons In The Sun"

Hillary
    $1000 25
Sudan

Jason
    $1000 20
"The Tennessee Waltz"

Will
    $1000 9
Oklahoma

Jason
    $1000 30
nectarine

Triple Stumper

Scores at the first commercial break (after clue 15):

Jason Will Hillary
$3,000 $1,800 $3,000

Scores at the end of the Jeopardy! Round:

Jason Will Hillary
$5,600 $4,400 $5,800

Double Jeopardy! Round responses

BOTANY
SPORTS BY POSITION
THE 16th CENTURY
THROWDOWN WITH BOBBY FLAY
RUSSIAN AROUND
GIMME AN "H"
    $400 22
carbon dioxide

Jason
    $400 9
basketball

Jason
    $400 4
the Amazon

Jason
    $400 1
Tabasco

Jason
    $400 2
Ivan

Will
    $400 17
honey

Jason
    $1,000 27
smut

Will
    $800 10
cricket

Jason
    $800 23
Luther

Will
    $800 3
chipotle

Hillary
    $800 5
(Hillary: What is the Bolshoi?)

the Kirov

WillHillary
    $800 18
an heirloom

Will
    $1200 28
gymnosperms

Hillary
    $1200 11
rowing

Will
    $1200 24
Da Vinci

Hillary
    $1,200 6
a poblano

Will
    $1200 14
(Anton) Chekhov

Jason
    $1200 19
(Hillary: What's a horse?)

a hippopotamus

JasonHillary
    $1600 29
the stigma

Triple Stumper
    $1600 12
rugby

Jason
    $1600 25
a doge

Hillary
    $1600 7
Kit Carson

Triple Stumper
    $1600 15
Leon Tolstoy

Triple Stumper
    $1600 20
the Hessians

Will
    $2000 30
stomata

Triple Stumper
    $2000 13
volleyball

Jason
    $2000 26
Ponce de Leon

Will
    $2000 8
caramelized

Will
    $2000 16
(Will: Who is Rimsky-Korskakov?)

Rimsky-Korsakov

JasonWill
    $2000 21
The Horse Whisperer

Hillary

Scores at the end of the Double Jeopardy! Round:

Jason Will Hillary
$16,400 $14,200 $10,600

[wagering suggestions for these scores]

Final Jeopardy! Round responses

THE WORLD MAP
(Alex: A common mistake made by so many people is that they don't realize that South America is way to the east of North America. So if you fly directly south from Miami, you'll hit the West Coast.)
HillaryWhat is Venezuela?
$10,599
WillWhat are Ven & Aruba
$6,000
JasonWhat is Ecuador?
$12,001
Ecuador or Peru

Final scores:

Jason Will Hillary
$28,401 $8,200 $1
2-day champion: $36,400 2nd place: $2,000 3rd place: $1,000

Game dynamics:

Coryat scores:

Jason Will Hillary
$16,400 $14,000 $10,600
21 R,
1 W
17 R
(including 2 DDs),
1 W
16 R
(including 1 DD),
2 W

Combined Coryat: $41,000

The J! Archive is created by fans, for fans. The Jeopardy! game show and all elements thereof, including but not limited to copyright and trademark thereto, are the property of Jeopardy Productions, Inc. and are protected under law. This website is not affiliated with, sponsored by, or operated by Jeopardy Productions, Inc. Join the discussion at JBoard.tv.